| 000 | 00758nam a2200253 i 4500 | ||
|---|---|---|---|
| 001 | bg | ||
| 100 | 1 |
_aLotko, Wincenty _d(1946- ). |
|
| 245 | 1 | 0 |
_aŚwiece zapłonowe / _cWincenty Lotko. |
| 260 |
_aRadom : _bPolitechnika Radomska. Wydawnictwo, _ccop. 2008. |
||
| 300 |
_a179 s. : _bil. (w tym kolor.) ; _c24 cm. |
||
| 504 | _aBibliogr. s. 167. | ||
| 650 | 9 | _aŚwiece zapłonowe | |
| 655 | _aPodręczniki akademickie | ||
| 015 | _aPB 12119/2008 | ||
| 020 | _a9788373511798 | ||
| 040 | _cBPK | ||
| 041 | 0 | _apol | |
| 044 | _aPOL | ||
| 080 | _a621.43:629.33](075.8) | ||
| 920 | _a978-83-7351-179-8 | ||
| 942 | _cKS | ||
| 008 | 080417s2008 pl a f f |000 0 pol | ||
| 999 |
_c55431 _d55431 |
||
| 856 |
_uhttp://koha.tu.koszalin.pl/cgi-bin/koha/opac-detail.pl?biblionumber=55431 _yKatalog online BPK |
||